| 000 | 00809nam a22002777a 4500 | ||
|---|---|---|---|
| 999 |
_c330052 _d330052 |
||
| 001 | 12476091 | ||
| 003 | NUST | ||
| 005 | 20170613092117.0 | ||
| 008 | 010712s1998 pk 000 0 urd | ||
| 010 | _a 2001300072 | ||
| 025 | _aP-U-2001300072; 05; 06 | ||
| 035 | _a(DLC) 200130007 | ||
| 040 |
_aDLC _cDLC |
||
| 042 | _alcode | ||
| 050 | 0 | 0 | _aNOT FOR LC |
| 082 |
_a891.4391 _bZAI |
||
| 100 | 1 |
_aZaidī, Mustafá, _d1930-1970. _92102 |
|
| 240 | 1 | 0 |
_aWorks _f1998 |
| 245 | 1 | 0 |
_aIntekhab -e kalam Mustafá Zaidī / _cMustafá zaidī. tarteeb o intekhab by Nusrat Zaidi |
| 260 |
_aLāhore : _bal-Ḥamd Publīkeshanz, _c2009 |
||
| 300 |
_a224 p. _c22 cm. |
||
| 500 | _aPoems. | ||
| 546 | _aIn Urdu. | ||
| 650 |
_aUrdu Literature- Poems _91989 |
||
| 880 |
_aانتخاب کلام مصطفیٰ زیدی _6245-02\(3\r _cترتیب و انتخاب: نصرت زیدی |
||
| 880 |
_aمصطفیٰ زیدی. ترتیب و انتخاب: نصرت زیدی _6100-01\(3\r |
||
| 880 |
_aلاہور: _6260-03\(3\r _bالحمد پبلی کیشن، _c2009. |
||
| 906 |
_a7 _bcbc _corigode _d3 _encip _f20 _gy-gencatlg |
||
| 942 |
_2ddc _cBK |
||